00507nam a2200121Ia 4500008004100000020001800041245012600059260002200185440003400207650001200241650009100253856004100344171212s9999 xx 000 0 und d a9781925022766 ceditor Konishi, Shino;Nugent, Maria;Shellam, TiffanyaIndigenous IntermediariesbNew perspectives on exploration archives bANU E Pressc2015 aAboriginal History Monographs aHistory aWesterners -- Australia; Aboriginal Australians -- Australia; Discoveries in geography uhttp://jstor.org/stable/j.ctt19705zg